DTLR consultation on Building Regs (Record no. 69304)

MARC details
000 -LEADER
fixed length control field 00802cam a2200193 4500
001 - CONTROL NUMBER
control field WB3802-06
008 - FIXED-LENGTH DATA ELEMENTS--GENERAL INFORMATION
fixed length control field 020117n2001 000 0 eng u
035 ## - SYSTEM CONTROL NUMBER
System control number (Sirsi) u116352
245 ## - TITLE STATEMENT
Title DTLR consultation on Building Regs
260 ## - PUBLICATION, DISTRIBUTION, ETC.
Date of publication, distribution, etc. 2001
490 ## - SERIES STATEMENT
Series statement DTLR News Release
Volume/sequential designation 21 December 2001, (1)
520 ## - SUMMARY, ETC.
Summary, etc. A Government consultation package proposes to amend Schedule 2, class VII of the Building Regulations. Responses by 29 March 2002. Copies available from the DTLR website, http://www.safety.dtlr.gov.uk/bregs/consult/sched2/index.htm or from DTLR Free Literature, T: 0870 1226263, (product code 01 CD 0921).
590 ## - LOCAL NOTE (RLIN)
Local note WB
650 ## - SUBJECT ADDED ENTRY--TOPICAL TERM
Topical term or geographic name entry element CONSULTATION
650 ## - SUBJECT ADDED ENTRY--TOPICAL TERM
Topical term or geographic name entry element BUILDING REGULATIONS 2000
650 ## - SUBJECT ADDED ENTRY--TOPICAL TERM
Topical term or geographic name entry element AMENDMENTS
690 ## - LOCAL SUBJECT ADDED ENTRY--TOPICAL TERM (OCLC, RLIN)
Topical term or geographic name as entry element BUILT ENVIRONMENT-BUILDING STANDARDS
942 ## - ADDED ENTRY ELEMENTS (KOHA)
Suppress in OPAC 0
Holdings
Withdrawn status Lost status Source of classification or shelving scheme Damaged status Not for loan Home library Current library Shelving location Date acquired Total Checkouts Full call number Barcode Date last seen Copy number Price effective from Koha item type
    Dewey Decimal Classification     London London News article 17/01/2002   WB3802-06 116352-1001 06/08/2019 1 06/08/2019 News article